| 000 | 00584nam a2200217Ia 4500 | ||
|---|---|---|---|
| 008 | 101110s9999 xx 000 0 und d | ||
| 041 | _aMARATHI | ||
| 082 |
_bSR32183 _a891.4611009 |
||
| 100 | _aSunthankar B.R. | ||
| 245 | _aMaharashatriy santmandalache etihasik karya | ||
| 260 |
_c2008 _bLokvangmaygruh,Mumbai |
||
| 300 | _a179 | ||
| 365 | _b175 | ||
| 520 | _aMarathi | ||
| 546 | _aMARATHI | ||
| 630 | _aMaharashatriy santmandalache etihasik karya | ||
| 650 | _aMarathi | ||
| 655 | _aMarathi | ||
| 730 | _aMaharashatriy santmandalache etihasik karya | ||
| 942 | _cBOOK | ||
| 999 |
_c824685 _d824682 |
||